000 00490nam a2200169 i 4500
001 35621
003 ES-MaACL
005 20230906155152.0
007 t|
008 030213s1925 xxu ||||1| eng d
100 1 _aBreck, Joseph.
_931546
245 1 4 _aThe pierpont Morgan Wing
_b: a handbook /
_cby Joseph Breck and R. Rogers.
260 _aNew York :
_bThe Metropolitan Museum of Art,
_c1925.
300 _a395 p. ;
_c22 cm.
700 1 _aRogers, R.
_998950
852 _aES-MaACL
_jF-1841
999 _c35621
_d35621